Differential and difference equations with applications : (Record no. 8881)
[ view plain ]
| 000 -LEADER | |
|---|---|
| fixed length control field | 00634cam a22001817i 4500 |
| 020 ## - ISBN | |
| International Standard Book Number | 9781461473329 (hbk.) |
| 020 ## - ISBN | |
| International Standard Book Number | 1461473322 (hbk.) |
| 020 ## - ISBN | |
| Cancelled/invalid ISBN | 9781461473336 (ebk.) |
| 020 ## - ISBN | |
| Cancelled/invalid ISBN | 1461473330 (ebk.) |
| 050 00 - LIBRARY OF CONGRESS CALL NUMBER | |
| Classification Number | QA 370 |
| Item Number | .I5 |
| 245 10 - TITLE | |
| Title | Differential and difference equations with applications : |
| Remainder of title | contributions from the International Conference on Differential & Difference Equations and Applications / |
| Statement of responsibility, etc | Sandra Pinelas, Michel Chipot, Zuzana Dosla, editors. |
| 300 ## - PHYSICAL DESCRIPTION | |
| Extent | 665 pages : |
| 650 #0 - SUBJECT--TOPIC | |
| Form subdivision | Congresses. |
| 700 1# - ADDED ENTRY--PERSONAL AUTHOR | |
| Personal Name | Pinelas, Sandra, |
| 700 1# - ADDED ENTRY--PERSONAL AUTHOR | |
| Personal Name | Chipot, M. |
| 700 1# - ADDED ENTRY--PERSONAL AUTHOR | |
| Personal Name | Dos̆lá, Zuzana, |
| 942 ## - ADDED ENTRY ELEMENTS(KOHA) | |
| Source of classification or shelving scheme | Library of Congress Classification |
| Koha item type | General circulation |
| Source of classification or shelving scheme | Not for loan | Location (home branch) | Sublocation (holding branch) | Shelving location | Date accessioned | Full call number | Barcode | Koha item type |
|---|---|---|---|---|---|---|---|---|
| Library of Congress Classification | Mtito Andei Centre Library | Mtito Andei Centre Library | 14/09/2015 | QA 370 .I5 | 2015/007717 | General circulation |